Sme najväčším zamestnávateľom v okrese zhovárame sa s MUDr. Mariánom Papcunom, MBA., riaditeĺom NsP v Levoči

Podrobná bibliografia
Hlavní autori: Hrubovčák, Jozef (ain), Papcún, Marián (Autor)
Médium: Článok
Jazyk:slovenčina
Fyzický popis:Fotogr.
ISSN:1335-4477
Predmet:

MARC

LEADER 00000nab a2200000 a 4500
001 vtls000779205
003 SK-MaSNL
005 20260305040836.0
008 140303c2001 xo 0 slo
015 |a SNBRB2002/01-01166 
035 |a CLN000130973 
040 |a SNKBUCL  |b slo  |c SNKBUCL  |e AACR2 
041 0 |a slo 
044 |a xo  |c SK 
080 |a 362.111(437.6)  |2 1997 
100 1 |a Hrubovčák, Jozef  |4 ain  |9 265648 
245 1 0 |a Sme najväčším zamestnávateľom v okrese  |b zhovárame sa s MUDr. Mariánom Papcunom, MBA., riaditeĺom NsP v Levoči  |c [zhováral sa] Jozef Hrubovčák 
300 |b Fotogr. 
610 7 |a Nemocnica s poliklinikou (Levoča, Slovensko)  |2 snkbucl  |9 33844 
651 7 |a Levoča (Slovensko : okres)  |2 snkbucl  |9 30131 
655 7 |a články z novín a časopisov  |2 snkbucl  |9 267496 
700 1 |a Papcún, Marián  |4 aut  |9 59090 
773 0 |t Zdravotnícke noviny  |g Roč. 6, č. 46 (2001), s. 7  |x 1335-4477 
850 |a Slovenská národná knižnica v Martine 
852 |a SNK  |b KIS3GCP 
958 |a MI 
958 |a SK 
992 |a RBX 
999 |c 3340608  |d 3342538